000 00717nam a2200217 i 4500
001 48804
003 ES-MaACL
005 20230906161826.0
007 t|
008 950906s1886 fr ||||1| lat d
040 _aCAM
_bspa
_cCAM
100 1 _aDionisio de Halicarnaso.
_944855
245 1 0 _aDionysii Halicarnassensis Antiquitatum romanarum quae supersunt
_b: graece et latine.
260 _aParisiis :
_bFirmin Didot,
_c1886.
300 _a[6], 755 p. ;
_c27 cm.
546 _aTexto en griego y latín.
651 4 _aRoma-
_xHistoria-
_yHasta 510 a. C.
_99317
651 4 _aRoma-
_xHistoria-
_y510-265 a.C., República.
_9148997
740 0 _aAntiquitatum romanarum quae supersunt.
852 _aES-MaACL
_jB-2493
999 _c48804
_d48804